| 000 -LEADER |
| fixed length control field |
00635cam a22001817a 4500 |
| 008 - FIXED-LENGTH DATA ELEMENTS--GENERAL INFORMATION |
| fixed length control field |
180718b1982 xxu||||| |||| 00| 0 eng d |
| 082 ## - DEWEY DECIMAL CLASSIFICATION NUMBER |
| Classification number |
T112 In8w |
| 100 ## - MAIN ENTRY--PERSONAL NAME |
| Personal name |
Kravis, Irving B. |
| 245 ## - TITLE STATEMENT |
| Title |
World product and income: International comparisons of real gross product |
| Statement of responsibility, etc. |
by Irving B. Kravis, Alan Heston and Robert Summers |
| 260 ## - PUBLICATION, DISTRIBUTION, ETC. |
| Place of publication, distribution, etc. |
Washington, D.C. |
| Name of publisher, distributor, etc. |
IBRD |
| Date of publication, distribution, etc. |
1982 |
| 300 ## - PHYSICAL DESCRIPTION |
| Extent |
388p. Paper |
| 440 ## - SERIES STATEMENT/ADDED ENTRY--TITLE |
| Title |
World Nations Statistical office |
| 500 ## - GENERAL NOTE |
| General note |
Running title: United Nations International comparison project, Phase-III |
| 650 ## - SUBJECT ADDED ENTRY--TOPICAL TERM |
| Topical term or geographic name entry element |
Production |
| 650 ## - SUBJECT ADDED ENTRY--TOPICAL TERM |
| Topical term or geographic name entry element |
Income |
| 700 ## - ADDED ENTRY--PERSONAL NAME |
| Personal name |
Summers, Robert |
| 700 ## - ADDED ENTRY--PERSONAL NAME |
| Personal name |
Heston, Alan |